Statistiques concernant Octobre

Cliquez ici pour prendre le quiz!

Statistiques générales

  • Ce quiz a été pris 44 fois
  • Le résultat moyen est 6 sur 11

Statistiques - réponses

QuestionsRéponses% Correct
Il y a __ jours dans le mois d’octobre31
100%
Au dernier dimanche d’octobre, on assiste au __________ d’heure.Changement
100%
Dans les calendriers grégoriens et julien octobre est le ______ mois de l’année.Dixième
98%
Son nom bien du latin october qui vient du mot octo signifiant, en français, ____. Ce nom est dû au fait qu’avant l’apparition du calendrier julien, il n’y avait que dix mois dans l’année. Cela indique donc la place du mois de septembre dans les anciens calendriers sachant que l’année commençait en mars.Huit
89%
Le 31 octobre, on fête __________.Halloween
86%
Le 25 octobre 1917 commence la _________ d’octobre, parfois aussi appelé octobre rouge.Révolution
66%
Le dicton du mois d’octobre est « Octobre à moitié _______, rend le laboureur joyeux. ».Pluvieux
57%
Le ______ est la couleur du mois d’octobre.Rose
43%
On y célèbre la fête de la _________.Récolte
2%
Le _____ est la fleur associée au mois d’octobreSouci
2%
La ______ est la pierre associée au mois d’octobreTourmaline
2%

Distribution des résultats

Percentile par nombre de réponses

% des personnes avec chaque résultat

Votre développement - résultats

Vous n’avez pas pris ce quiz